000 00763nam a2200265Ia 4500
005 20250425162257.0
008 250425s9999 xx 000 0 und d
041 _aspa
082 _a550
100 _aD. H. GRIFFITHS, R.F. KING
245 0 _aGEOLOGIA APLICADA PARA INGENIEROS Y GEOLOGOS
250 _a1A ED.
260 _aEspaña
_bPARANINFO
_c1972
260 _aMADRID
300 _a231
500 _aDADO DE BAJA POR OBSOLETO EL 25/02/2011
500 _aTítulo Traducido: APPLIED GEOPHYSICS FOR ENGINEERS AND GEOLOGISTS
650 _aGEOFISICA
650 _aINTERPRETACION GEOFISICA
650 _aMETODO SISMICO
650 _aPROSPECCION-METODOS GEOFISICOS
700 _aANGEL RIO DE LA CRUZ
_etraductor
942 _c01
010 _a59487
999 _c225935
_d225935